000
00317pam a2200145 a 4500
020
_c
041
_h
082
_a
330
_b
DES
100
_a
Desai
245
_a
Economic Planning And Policy
_h
Textual Documents
260
_a
Mumbai
_b
Himalay Publishing House
300
_a
592
700
_a
Bhalerao
930
_a
2646
999
_c
109477
_d
109477